书目信息 |
| 题名: |
雅思周计划
|
|
| 作者: | 李志宏 , 赵吉涛 , 李秋 编著 | |
| 分册: | 阅读 (移民类) | |
| 出版信息: | 北京 中国人民大学出版社 2014.11 |
|
| 页数: | 261页 | |
| 开本: | 26cm | |
| 丛书名: | ||
| 单 册: | ||
| 中图分类: | H310.41 | |
| 科图分类: | ||
| 主题词: | 英语--ying yu--水平考试--自学参考资料 , 英语--ying yu--阅读教学--水平考试--自学参考资料 | |
| 电子资源: | ||
| ISBN: | 978-7-300-20220-4 | |
| 000 | 01119nam 22002891 450 | |
| 001 | CAL 0120141447779 | |
| 005 | 20150819133730.04 | |
| 010 | @a978-7-300-20220-4@dCNY48.00 | |
| 100 | @a20141208d2014 em y0chiy50 ea | |
| 101 | 0 | @achi@aeng |
| 102 | @aCN@b110000 | |
| 106 | @ar | |
| 200 | 1 | @a雅思周计划@Aya si zhou ji hua@i阅读 (移民类)@f李志宏, 赵吉涛, 李秋编著 |
| 205 | @a第2版 | |
| 210 | @a北京@c中国人民大学出版社@d2014.11 | |
| 215 | @a261页@d26cm | |
| 330 | @a本书总体分为两大部分: 基础段。本部分结合真题精确剖析了雅思阅读G类考试中的“4大考点”和“7种题型”。第二部分, 强化段, 6套真题全部来源于历次考试。在试题详解部分, 结合每个题目征重点讲解如何根据“关键词”对答案者“快速定位”, 然后准确选出或写出答案。 | |
| 517 | 1 | @a阅读 (移民类)@Ayue du ( yi min lei ) |
| 586 | @a | |
| 606 | 0 | @a英语@Aying yu@x水平考试@j自学参考资料 |
| 606 | 0 | @a英语@Aying yu@x阅读教学@x水平考试@j自学参考资料 |
| 690 | @aH310.41@v5 | |
| 701 | 0 | @a李志宏@Ali zhi hong@4编著 |
| 701 | 0 | @a赵吉涛@Azhao ji tao@4编著 |
| 701 | 0 | @a李秋@Ali qiu@4编著 |
| 801 | 0 | @aCN@c20150820 |
| 905 | @a河南城建学院图书馆@dH310.41@eL330@f2 | |
| 雅思周计划.阅读 (移民类)/李志宏, 赵吉涛, 李秋编著.-第2版.-北京:中国人民大学出版社,2014.11 |
| 261页;26cm |
| ISBN 978-7-300-20220-4:CNY48.00 |
| 本书总体分为两大部分: 基础段。本部分结合真题精确剖析了雅思阅读G类考试中的“4大考点”和“7种题型”。第二部分, 强化段, 6套真题全部来源于历次考试。在试题详解部分, 结合每个题目征重点讲解如何根据“关键词”对答案者“快速定位”, 然后准确选出或写出答案。 |
| ● |
| 相关链接 |
|
|
|
正题名:雅思周计划
索取号:H310.41/L330
 
预约/预借
| 序号 | 登录号 | 条形码 | 馆藏地/架位号 | 状态 | 备注 |
| 1 | 1166048 | 211660488 | 语言库209/209语言库 95排3列2层/ [索取号:H310.41/L330] | 在馆 | |
| 2 | 1166049 | 211660497 | 语言库209/209语言库 95排3列2层/ [索取号:H310.41/L330] | 在馆 |